| 000 | 00632nam a2200217Ia 4500 | ||
|---|---|---|---|
| 005 | 20241129120118.0 | ||
| 008 | 241129s9999||||xx |||||||||||||| ||und|| | ||
| 020 | _a9780815740322 | ||
| 037 | _aTB | ||
| 040 |
_aSDCL _beng _cSDCL |
||
| 041 |
_aeng _2eng |
||
| 084 |
_aY3.1'P, R4 _qSDCL |
||
| 100 | _aKharas Homi | ||
| 245 | 0 | _aRise of the global middle class: How the search for the good life can change the world | |
| 260 |
_aWashington _bBrookings Institution Press _c2024 |
||
| 300 | _axii,203p. | ||
| 365 |
_aUSD _b28 |
||
| 650 | _aPolitical Science | ||
| 942 |
_cTB _hY3.1'P, R4 |
||
| 999 |
_c1233395 _d1233395 |
||